00509nmm a2200145Ia 4500008004100000020001800041041000800059100003300067245008000100264006000180300001800240490003100258650002300289856005100312251105s9999||||xx |||||||||||||||||und|| a9789587386356 aspa aPerdigón Lesmes, Cristhian 0aFilosofía y literatura :b La experiencia estética en Estanislao Zuleta a[Bogotá, Colombia] :bUniversidad del Rosario, c2015 a108 páginas aTextos de Ciencias Humanas aPhilosophy, Ethics uhttps://public.digitaliapublishing.com/a/46528